<?xml version="1.0" encoding="UTF-8"?><record xmlns="http://www.loc.gov/MARC21/slim" xmlns:zs="http://docs.oasis-open.org/ns/search-ws/sruResponse">
  <leader>03260ctm a2200565 i 4500</leader>
  <controlfield tag="001">19435350</controlfield>
  <controlfield tag="005">20250607073701.0</controlfield>
  <controlfield tag="008">170110s        xx            000 0 ara  </controlfield>
  <datafield ind1=" " ind2=" " tag="906">
    <subfield code="a">7</subfield>
    <subfield code="b">cbc</subfield>
    <subfield code="c">orignew</subfield>
    <subfield code="d">2</subfield>
    <subfield code="e">ncip</subfield>
    <subfield code="f">19</subfield>
    <subfield code="g">y-nonroman</subfield>
  </datafield>
  <datafield ind1="0" ind2=" " tag="925">
    <subfield code="a">Acquire</subfield>
    <subfield code="b">1 shelf copy</subfield>
    <subfield code="x">policy default</subfield>
  </datafield>
  <datafield ind1=" " ind2=" " tag="955">
    <subfield code="b">ce08 2017-01-10</subfield>
    <subfield code="i">ce08 2018-06-30 to AMED Cage</subfield>
  </datafield>
  <datafield ind1=" " ind2=" " tag="010">
    <subfield code="a">  2016496651</subfield>
  </datafield>
  <datafield ind1=" " ind2=" " tag="035">
    <subfield code="a">19435350</subfield>
  </datafield>
  <datafield ind1=" " ind2=" " tag="040">
    <subfield code="a">DLC</subfield>
    <subfield code="b">eng</subfield>
    <subfield code="e">rda</subfield>
    <subfield code="c">DLC</subfield>
    <subfield code="d">DLC</subfield>
  </datafield>
  <datafield ind1=" " ind2=" " tag="043">
    <subfield code="a">n-us-dc</subfield>
  </datafield>
  <datafield ind1="0" ind2="0" tag="050">
    <subfield code="a">KBP300.I26</subfield>
    <subfield code="b">A33 1925</subfield>
  </datafield>
  <datafield ind1=" " ind2=" " tag="066">
    <subfield code="c">(3</subfield>
  </datafield>
  <datafield ind1="1" ind2=" " tag="100">
    <subfield code="6">880-01</subfield>
    <subfield code="a">Tajī, Hibat Allāh ibn Muḥammad ibn Yaḥyá,</subfield>
    <subfield code="d">1739-1809.</subfield>
  </datafield>
  <datafield ind1="1" ind2=" " tag="880">
    <subfield code="6">100-01/(3/r‏</subfield>
    <subfield code="a">‏تاجي، محمد بن محمد بن يحيى.</subfield>
  </datafield>
  <datafield ind1="1" ind2="0" tag="245">
    <subfield code="6">880-02</subfield>
    <subfield code="a">Sharḥ al-Ashbāh wa-al-naẓāʼir al-fiqhīyah li-Ibn Nujaym.</subfield>
  </datafield>
  <datafield ind1="1" ind2="0" tag="880">
    <subfield code="6">245-02/(3/r‏</subfield>
    <subfield code="a">‏شرح الأشباه والنظائر الفقهية لان نجيم.</subfield>
  </datafield>
  <datafield ind1=" " ind2="0" tag="264">
    <subfield code="c">28 Ramaḍān 1343 [22 April 1925]</subfield>
  </datafield>
  <datafield ind1=" " ind2=" " tag="300">
    <subfield code="a">690 pages (numbered), (21 lines), paper :</subfield>
    <subfield code="b">bound ;</subfield>
    <subfield code="c">23.7 x 19 cm</subfield>
  </datafield>
  <datafield ind1=" " ind2=" " tag="336">
    <subfield code="a">text</subfield>
    <subfield code="2">rdacontent</subfield>
  </datafield>
  <datafield ind1=" " ind2=" " tag="337">
    <subfield code="a">unmediated</subfield>
    <subfield code="2">rdamedia</subfield>
  </datafield>
  <datafield ind1=" " ind2=" " tag="338">
    <subfield code="a">volume</subfield>
    <subfield code="2">rdacarrier</subfield>
  </datafield>
  <datafield ind1=" " ind2=" " tag="500">
    <subfield code="a">Manuscript.</subfield>
  </datafield>
  <datafield ind1=" " ind2=" " tag="500">
    <subfield code="a">Title from colophon.</subfield>
  </datafield>
  <datafield ind1=" " ind2=" " tag="500">
    <subfield code="a">Written by ʻAbd al-Raḥmān Badrān al-Nabulusī.</subfield>
  </datafield>
  <datafield ind1=" " ind2=" " tag="500">
    <subfield code="a">Possibly written in Egypt.</subfield>
  </datafield>
  <datafield ind1=" " ind2=" " tag="500">
    <subfield code="a">Paper; cream color commercial paper with no visible watermarks; black ink with rubrication; catchwords.</subfield>
  </datafield>
  <datafield ind1=" " ind2=" " tag="500">
    <subfield code="a">Naskh; 21 lines in written area 19.5 x 11 cm.</subfield>
  </datafield>
  <datafield ind1=" " ind2=" " tag="500">
    <subfield code="a">Pages 1-690.</subfield>
  </datafield>
  <datafield ind1=" " ind2=" " tag="500">
    <subfield code="a">"34. IV 1957 = 4.319."</subfield>
  </datafield>
  <datafield ind1=" " ind2=" " tag="500">
    <subfield code="a">Library of Congress. Mansuri Collection, 4-319.</subfield>
    <subfield code="5">DLC</subfield>
  </datafield>
  <datafield ind1=" " ind2=" " tag="500">
    <subfield code="a">Binding; black half leather with black grain sides and flap; envelope binding; text block not attached to binding.</subfield>
  </datafield>
  <datafield ind1=" " ind2=" " tag="880">
    <subfield code="6">500-00/(3/r</subfield>
    <subfield code="a">Incipit: ص 88 س 14 قوله ولا تغتر بابحاث شيخنا ال يخفي ان شيخه مجتهد اجتهادا مطلقا كما صرح به في البحر فابحاثه تعد مذهبا له ...</subfield>
  </datafield>
  <datafield ind1=" " ind2=" " tag="880">
    <subfield code="6">500-00/(3/r</subfield>
    <subfield code="a">Explicit/Colophon: اكتفى في المال بيمين واحدة وبخمسين يمينا في الدام اه كلام البزازية. تم نصف الجزء الاول من شرح هبة الله على الاشباه والنظائر الفقهية لابن نجيم ضحوة يوم الخميس 28 رمضان سنة 1343 بقلم عبد الرحمن بدران النبلسي الله ... ويليه النصف الثاني من الجزء الاول اوله القاعدة الرابعة المشقة تجلب التيسير.</subfield>
  </datafield>
  <datafield ind1=" " ind2=" " tag="520">
    <subfield code="a">Commentary on Ibn Nujaym's Ashbāh wa-al-naẓāʼir on Islamic law according to the Ḥanafī school</subfield>
  </datafield>
  <datafield ind1=" " ind2=" " tag="546">
    <subfield code="a">Arabic.</subfield>
  </datafield>
  <datafield ind1=" " ind2=" " tag="561">
    <subfield code="a">Purchase of Mahmud al-Mansuri collection, 1945.</subfield>
    <subfield code="5">DLC</subfield>
  </datafield>
  <datafield ind1="1" ind2="0" tag="600">
    <subfield code="a">Ibn Nujaym, Zayn al-Dīn ibn Ibrāhīm,</subfield>
    <subfield code="d">-1563.</subfield>
    <subfield code="t">Ashbāh wa-al-naẓāʼir.</subfield>
  </datafield>
  <datafield ind1=" " ind2="0" tag="650">
    <subfield code="a">Islamic law.</subfield>
  </datafield>
  <datafield ind1=" " ind2="0" tag="650">
    <subfield code="a">Hanafites.</subfield>
  </datafield>
  <datafield ind1=" " ind2="0" tag="650">
    <subfield code="a">Manuscripts, Arabic</subfield>
    <subfield code="z">Washington (D.C.)</subfield>
  </datafield>
  <datafield ind1="1" ind2=" " tag="700">
    <subfield code="a">Manṣūrī, Maḥmūd al-Imām,</subfield>
    <subfield code="e">former owner.</subfield>
    <subfield code="5">DLC</subfield>
  </datafield>
  <datafield ind1="2" ind2=" " tag="710">
    <subfield code="a">Mansuri Collection (Library of Congress)</subfield>
    <subfield code="5">DLC</subfield>
  </datafield>
  <datafield ind1="4" ind2="1" tag="856">
    <subfield code="d">amedarabicmss</subfield>
    <subfield code="f">2016496651</subfield>
    <subfield code="u">https://hdl.loc.gov/loc.amed/amedarabicmss.2016496651</subfield>
  </datafield>
  <datafield ind1=" " ind2=" " tag="985">
    <subfield code="a">amed/amedarabicmss</subfield>
    <subfield code="e">amedarabicmss</subfield>
  </datafield>
  <datafield ind1=" " ind2=" " tag="985">
    <subfield code="a">amed/amedscd</subfield>
  </datafield>
</record>
